000 00305nam a22001337a 4500
008 170907b xxu||||| |||| 00| 0 eng d
020 _a9780021491360
041 _aeng
080 _a91
100 _a42
101 _aGJEO
245 _aREGIONS ADVENTURES IN TIME AND PLACE
_cBANKS,J.A
942 _2udc
_cBK
999 _c26613
_d26613